[Event "Titled Tuesday intern op 04th Mar Early"]
[Site "Chess.com INT"]
[Date "2025.03.04"]
[Round "2"]
[White "Nava, Roderick"]
[Black "Lai, Duc Minh1"]
[Result "1-0"]
[WhiteElo "2381"]
[BlackElo "2072"]
[PlyCount "69"]
[EventDate "2025.03.04"]
[EventType "swiss (blitz)"]
[EventRounds "11"]
[EventCountry "USA"]
[SourceTitle "CB11_2025"]
[SourceDate "2025.03.12"]
[SourceVersion "1"]
[SourceVersionDate "2025.03.12"]
[SourceQuality "1"]

1. e4 e6 2. Nc3 d5 3. f4 Nf6 4. e5 Ng8 5. Nf3 c5 6. d3 Nc6 7. g3 Nge7 8. Bg2 Nf5 9. 0-0 h5 10. Ne2 Be7 11. h3 f6 12. c3 d4 13. cxd4 cxd4 14. Bd2 Qb6 15. Rb1 a5 16. Kh2 Bd7 17. Qe1 Nb4 18. Nc1 Nc2 19. Qf2 Nce3 20. Rg1 Rc8 21. Bh1 Rc2 22. Ne1 Rxb2 23. Rxb2 Qxb2 24. Bxe3 Qb1 25. Bd2 b5 26. Nf3 b4 27. exf6 gxf6 28. Nh4 Nxh4 29. gxh4 a4 30. Qe2 Qc2 31. Bf3 b3 32. axb3 axb3 33. Nxb3 Qxb3 34. Bxh5+ Kf8 35. Qg2 1-0

[Event "Titled Tuesday intern op 07th May Early"]
[Site "Chess.com INT"]
[Date "2024.05.07"]
[Round "5"]
[White "Bacrot, Etienne"]
[Black "Nava, Roderick"]
[Result "1-0"]
[WhiteElo "2684"]
[BlackElo "2381"]
[PlyCount "197"]
[EventDate "2024.05.07"]
[EventType "swiss (blitz)"]
[EventRounds "11"]
[EventCountry "USA"]
[SourceTitle "EXT 2025"]
[Source "ChessBase"]
[SourceDate "2024.10.14"]
[SourceVersion "1"]
[SourceVersionDate "2024.10.14"]
[SourceQuality "1"]

1. e4 c5 2. Nf3 g6 3. d4 cxd4 4. Qxd4 Nf6 5. Nc3 Nc6 6. Qa4 d6 7. e5 dxe5 8. Nxe5 Bd7 9. Nxd7 Qxd7 10. Bb5 Bg7 11. 0-0 0-0 12. Bf4 a6 13. Bxc6 Qxc6 14. Qxc6 bxc6 15. Be5 Nd5 16. Bxg7 Kxg7 17. Ne4 Nf4 18. g3 Ne6 19. Kg2 Rfd8 20. Rfe1 Rd5 21. Re3 Rad8 22. Rae1 a5 23. Ra3 Rb8 24. b3 Nd4 25. c4 Re5 26. f4 Re6 27. Rxa5 f5 28. Re5 Rxe5 29. fxe5 fxe4 30. Rxe4 c5 31. Kh3 h5 32. Rf4 Ne6 33. Rf2 Rd8 34. Kg2 Rd3 35. Rb2 Nd4 36. Kf2 Nc6 37. Ke2 Rd4 38. a4 Nxe5 39. a5 Nc6 40. a6 Rd7 41. Ra2 Ra7 42. Ra4 Kf6 43. Ke3 Ke6 44. Kf4 Nb4 45. Ra5 Nxa6 46. Kg5 Kf7 47. Kf4 Ra8 48. Ke5 Nc7 49. Rxc5 Ne6 50. Rb5 Rc8 51. Rb6 Nc5 52. Kd4 Nd7 53. Rb5 Ke6 54. b4 Nf6 55. c5 Rd8+ 56. Kc4 Nd5 57. Ra5 Nc7 58. b5 Kd7 59. b6 Ne6 60. Kd5 Nxc5 61. Kxc5 Rc8+ 62. Kb5 Rb8 63. Ra7+ Kd6 64. Rc7 e5 65. Rg7 e4 66. Rxg6+ Kd5 67. Rg5+ Kd4 68. Rxh5 e3 69. Rh7 Re8 70. Rd7+ Kc3 71. Rd1 e2 72. Rg1 Kd2 73. b7 Rf8 74. Kb6 Rf1 75. Rg2 Rb1+ 76. Kc7 Rc1+ 77. Kd7 Rb1 78. Kc8 Rc1+ 79. Kb8 Ke3 80. Rxe2+ Kxe2 81. g4 Kf3 82. g5 Kf4 83. g6 Kf5 84. g7 Rg1 85. Ka8 Rxg7 86. b8Q Kg6 87. Qd6+ Kh7 88. Qd3+ Rg6 89. h3 Kh6 90. Kb7 Rg8 91. Kc7 Rg7+ 92. Kd8 Rg6 93. Ke7 Rg7+ 94. Kf8 Rg6 95. Kf7 Rg5 96. Kf6 Rg8 97. Qe3+ Kh7 98. Qe4+ Kh8 99. Qh4# 1-0

[Event "Titled Tuesday intern op 07th May Early"]
[Site "Chess.com INT"]
[Date "2024.05.07"]
[Round "2"]
[White "Lima, Artur Tin Lun Dai"]
[Black "Nava, Roderick"]
[Result "0-1"]
[WhiteElo "1968"]
[BlackElo "2381"]
[PlyCount "90"]
[EventDate "2024.05.07"]
[EventType "swiss (blitz)"]
[EventRounds "11"]
[EventCountry "USA"]
[SourceTitle "EXT 2025"]
[Source "ChessBase"]
[SourceDate "2024.10.14"]
[SourceVersion "1"]
[SourceVersionDate "2024.10.14"]
[SourceQuality "1"]

1. Nf3 Nf6 2. g3 g6 3. b3 Bg7 4. Bb2 0-0 5. Bg2 d5 6. 0-0 c5 7. c4 d4 8. b4 Nc6 9. b5 Nb8 10. e3 Nh5 11. exd4 cxd4 12. d3 e5 13. Re1 Re8 14. Nbd2 Nd7 15. Ne4 Ndf6 16. Ned2 Nd7 17. a4 Nc5 18. Nb3 Nxb3 19. Qxb3 Rb8 20. Nd2 b6 21. Ne4 Nf6 22. Ba3 Nxe4 23. Bxe4 Bb7 24. c5 Bxe4 25. Rxe4 bxc5 26. Bxc5 a6 27. b6 Bf8 28. Bxf8 Rxb6 29. Qc4 Kxf8 30. Rae1 Rbe6 31. Qc5+ Qe7 32. Qc4 f5 33. R4e2 Qd6 34. f4 e4 35. dxe4 fxe4 36. f5 gxf5 37. Rf1 Re5 38. Ref2 Qd7 39. g4 e3 40. Rxf5+ Rxf5 41. Rxf5+ Kg7 42. Rd5 Qxg4+ 43. Kh1 Qe4+ 44. Kg1 e2 45. Rd7+ Kh8 0-1

[Event "Titled Tuesday intern op 07th May Early"]
[Site "Chess.com INT"]
[Date "2024.05.07"]
[Round "8"]
[White "Nava, Roderick"]
[Black "Berezin, Viktor1"]
[Result "1-0"]
[WhiteElo "2381"]
[BlackElo "2307"]
[PlyCount "71"]
[EventDate "2024.05.07"]
[EventType "swiss (blitz)"]
[EventRounds "11"]
[EventCountry "USA"]
[SourceTitle "EXT 2025"]
[Source "ChessBase"]
[SourceDate "2024.10.14"]
[SourceVersion "1"]
[SourceVersionDate "2024.10.14"]
[SourceQuality "1"]

1. e4 g6 2. Nc3 Bg7 3. f4 d6 4. Nf3 Nf6 5. Bc4 0-0 6. Bb3 c6 7. 0-0 d5 8. e5 Ne8 9. d4 f6 10. Ne2 Nc7 11. c3 c5 12. Be3 Nc6 13. exf6 exf6 14. dxc5 Re8 15. Bf2 Be6 16. Ned4 Bf7 17. f5 Qd7 18. Bc2 Ne5 19. b4 Nc4 20. Bd3 Rad8 21. Qc2 Ne5 22. h3 Nxd3 23. Qxd3 Re7 24. b5 Rde8 25. c6 Qc8 26. a4 Bh6 27. Rfe1 Bf4 28. Rxe7 Rxe7 29. Re1 Bd6 30. Rxe7 Bxe7 31. cxb7 Qxb7 32. Nc6 Bd6 33. Nxa7 Ne8 34. Nc6 Ng7 35. Nd8 Nxf5 36. Nxb7 1-0

[Event "Titled Tuesday intern op 07th May Early"]
[Site "Chess.com INT"]
[Date "2024.05.07"]
[Round "11"]
[White "Piorun, Kacper"]
[Black "Nava, Roderick"]
[Result "1-0"]
[WhiteElo "2611"]
[BlackElo "2381"]
[PlyCount "99"]
[EventDate "2024.05.07"]
[EventType "swiss (blitz)"]
[EventRounds "11"]
[EventCountry "USA"]
[SourceTitle "EXT 2025"]
[Source "ChessBase"]
[SourceDate "2024.10.14"]
[SourceVersion "1"]
[SourceVersionDate "2024.10.14"]
[SourceQuality "1"]

1. d4 Nf6 2. Nf3 g6 3. Bf4 Bg7 4. e3 0-0 5. h3 d6 6. Bh2 Nbd7 7. Be2 Qe8 8. 0-0 e5 9. c3 Qe7 10. Na3 a6 11. Rc1 Ne4 12. Nd2 Nxd2 13. Qxd2 f5 14. Nc4 e4 15. Na5 g5 16. f3 Nf6 17. c4 Re8 18. f4 g4 19. c5 d5 20. hxg4 Nxg4 21. Bxg4 fxg4 22. f5 Rf8 23. Bg3 h5 24. Qe1 Bf6 25. b4 Rf7 26. a4 c6 27. Rb1 Qd8 28. Ra1 Bg5 29. Bf4 Rxf5 30. b5 Bxf4 31. exf4 axb5 32. axb5 Qf6 33. Qe3 Bd7 34. Nxb7 Rxa1 35. Rxa1 cxb5 36. Rf1 b4 37. Nd6 h4 38. Nxf5 Qxf5 39. Rc1 Bc6 40. Rf1 g3 41. Qe2 Qd7 42. f5 Bb5 43. Qg4+ Kf8 44. Ra1 Qb7 45. f6 Bc6 46. Ra8+ Kf7 47. Qg7+ Ke6 48. Re8+ Kf5 49. Re5+ Kf4 50. Qg5# 1-0

[Event "Titled Tuesday intern op 07th May Early"]
[Site "Chess.com INT"]
[Date "2024.05.07"]
[Round "7"]
[White "Toktomushev, Teimur"]
[Black "Nava, Roderick"]
[Result "1-0"]
[WhiteElo "2295"]
[BlackElo "2381"]
[PlyCount "137"]
[EventDate "2024.05.07"]
[EventType "swiss (blitz)"]
[EventRounds "11"]
[EventCountry "USA"]
[SourceTitle "EXT 2025"]
[Source "ChessBase"]
[SourceDate "2024.10.14"]
[SourceVersion "1"]
[SourceVersionDate "2024.10.14"]
[SourceQuality "1"]

1. d4 Nf6 2. c4 g6 3. Nc3 Bg7 4. e4 0-0 5. f3 c5 6. Nge2 Nc6 7. Be3 cxd4 8. Nxd4 e6 9. Nxc6 dxc6 10. Qxd8 Rxd8 11. e5 Nd7 12. f4 f6 13. exf6 Nxf6 14. Be2 e5 15. fxe5 Ng4 16. Bxg4 Bxg4 17. Bf4 Rd4 18. Bg3 Bxe5 19. Bxe5 Re8 20. 0-0 Rxe5 21. h3 Bf5 22. b3 Re3 23. Rad1 c5 24. Rxd4 cxd4 25. Nd5 Re2 26. Rf2 Re1+ 27. Kh2 d3 28. Nf4 h5 29. Rd2 Re4 30. Nd5 Re2 31. Rd1 h4 32. Kg1 Be4 33. Nf6+ Kg7 34. Nxe4 Rxe4 35. Rxd3 Re2 36. Rd7+ Kh6 37. Rxb7 Rxa2 38. Rb5 a5 39. c5 a4 40. bxa4 Rxa4 41. c6 Rc4 42. Rb6 Kg5 43. Kf2 Kf4 44. Ke2 g5 45. Kd3 Rc1 46. Rb4+ Ke5 47. Rc4 Rd1+ 48. Ke2 Rd8 49. c7 Rc8 50. Kf3 Kf5 51. Rc5+ Kf6 52. Kg4 Ke6 53. Kxg5 Kd6 54. Rc2 Kd7 55. Kxh4 Rh8+ 56. Kg3 Kc8 57. h4 Rg8+ 58. Kh3 Rh8 59. g4 Re8 60. h5 Re3+ 61. Kh4 Re1 62. Kg5 Re5+ 63. Kf4 Re7 64. h6 Rf7+ 65. Kg5 Rd7 66. Kh5 Rd1 67. g5 Rh1+ 68. Kg6 Rh2 69. Rxh2 1-0

[Event "Titled Tuesday intern op 30th Apr Early"]
[Site "Chess.com INT"]
[Date "2024.04.30"]
[Round "3"]
[White "Salman, Pavel"]
[Black "Nava, Roderick"]
[Result "1/2-1/2"]
[WhiteElo "2287"]
[BlackElo "2381"]
[PlyCount "136"]
[EventDate "2024.04.30"]
[EventType "swiss (blitz)"]
[EventRounds "11"]
[EventCountry "USA"]
[SourceTitle "CBM 220 Extra"]
[Source "ChessBase"]
[SourceDate "2024.07.31"]
[SourceVersion "1"]
[SourceVersionDate "2024.07.31"]
[SourceQuality "1"]

1. Nf3 Nf6 2. g3 g6 3. Bg2 Bg7 4. 0-0 0-0 5. d3 c5 6. e4 d6 7. Re1 Nc6 8. c3 Rb8 9. a4 a6 10. Nbd2 b5 11. axb5 axb5 12. d4 Nd7 13. Nf1 b4 14. Bf4 bxc3 15. bxc3 cxd4 16. cxd4 e5 17. dxe5 Ndxe5 18. Rc1 Re8 19. Ne3 Ba6 20. Bxe5 Nxe5 21. Nxe5 Bxe5 22. Nd5 Bb7 23. Qf3 Bxd5 24. exd5 Rb2 25. Bh3 Kg7 26. Rc8 Qe7 27. Rxe8 Qxe8 28. Re2 Qb8 29. Rxb2 Qxb2 30. Bf1 Qd2 31. Qd3 Qb2 32. Qe2 Qd4 33. Qd3 Qb6 34. Qb5 Qd4 35. Qd3 Qa1 36. Qa6 Qb1 37. Qd3 Qb2 38. Qe2 Qb8 39. Qb5 Qd8 40. Kg2 h5 41. h4 Bf6 42. Be2 Qe7 43. Qd3 Qe5 44. Bf3 Qe1 45. Qe2 Qc3 46. Qe4 Bd4 47. Be2 Qd2 48. Qd3 Qb4 49. Qc4 Qb6 50. Qc6 Bxf2 51. Qxb6 Bxb6 52. g4 hxg4 53. Bxg4 f5 54. Bf3 Kf6 55. Kf1 Bd8 56. Kg2 Ke5 57. Kh3 Kf4 58. Bh1 Bf6 59. Bg2 Ke3 60. Bh1 f4 61. Kg4 Be7 62. Bf3 Bd8 63. Bg2 Kf2 64. Be4 Ke3 65. Bg2 Bf6 66. Bh1 Be7 67. Bg2 Bd8 68. Bh1 Be7 1/2-1/2

[Event "Titled Tuesday intern op 23rd Apr Early"]
[Site "Chess.com INT"]
[Date "2024.04.23"]
[Round "9"]
[White "Balakrishnan, Praveen"]
[Black "Nava, Roderick"]
[Result "1-0"]
[WhiteElo "2500"]
[BlackElo "2381"]
[PlyCount "53"]
[EventDate "2024.04.23"]
[EventType "swiss (blitz)"]
[EventRounds "11"]
[EventCountry "USA"]
[SourceTitle "EXT 2025"]
[Source "ChessBase"]
[SourceDate "2024.10.14"]
[SourceVersion "1"]
[SourceVersionDate "2024.10.14"]
[SourceQuality "1"]

1. c4 Nf6 2. Nc3 g6 3. g3 Bg7 4. Bg2 0-0 5. d4 c5 6. d5 d6 7. Nf3 Na6 8. 0-0 Nc7 9. e4 b5 10. cxb5 a6 11. bxa6 Bxa6 12. Re1 Nd7 13. a4 Qb8 14. Qc2 Qb4 15. Bd2 Qb7 16. Rab1 Ne5 17. Nxe5 Bxe5 18. b4 cxb4 19. Na2 Rfc8 20. Qd1 Bd3 21. Rxb4 Qa6 22. Bf1 Ne8 23. Qb3 Bxf1 24. Rxf1 Qe2 25. Be3 Nf6 26. Nc1 Qf3 27. Bd2 1-0

[Event "Titled Tuesday intern op 23rd Apr Early"]
[Site "Chess.com INT"]
[Date "2024.04.23"]
[Round "6"]
[White "Cherniaiev, Tykhon"]
[Black "Nava, Roderick"]
[Result "1-0"]
[WhiteElo "2306"]
[BlackElo "2381"]
[PlyCount "171"]
[EventDate "2024.04.23"]
[EventType "swiss (blitz)"]
[EventRounds "11"]
[EventCountry "USA"]
[SourceTitle "EXT 2025"]
[Source "ChessBase"]
[SourceDate "2024.10.14"]
[SourceVersion "1"]
[SourceVersionDate "2024.10.14"]
[SourceQuality "1"]

1. Nf3 Nf6 2. d4 g6 3. Nbd2 d5 4. g3 Bg7 5. Bg2 0-0 6. 0-0 c6 7. c4 a6 8. b3 Bf5 9. Bb2 Ne4 10. Rc1 Bh6 11. e3 Nd7 12. Nh4 Nxd2 13. Nxf5 gxf5 14. Qxd2 e6 15. Qc2 Nf6 16. cxd5 cxd5 17. Qc7 Qxc7 18. Rxc7 Rfc8 19. Rfc1 Rxc7 20. Rxc7 Rb8 21. Ba3 Bf8 22. Bxf8 Kxf8 23. Bf1 Ne8 24. Rd7 Nf6 25. Rc7 Ne8 26. Rc2 Ke7 27. b4 Kd6 28. a4 Nf6 29. a5 Ne8 30. b5 axb5 31. Bxb5 Nc7 32. Be2 Ra8 33. Rb2 Rxa5 34. Rxb7 Kc6 35. Rb8 Ra8 36. Rb1 Ra2 37. Bh5 f6 38. Bf7 e5 39. Rd1 Kd6 40. Kg2 Ra4 41. dxe5+ fxe5 42. Rb1 d4 43. exd4 exd4 44. Rb6+ Kc5 45. Rb1 d3 46. Rc1+ Kd6 47. Rd1 Rd4 48. Kf3 Ke5 49. Ke3 Re4+ 50. Kxd3 Rd4+ 51. Ke2 Rxd1 52. Kxd1 f4 53. Ke2 fxg3 54. hxg3 Kf6 55. Bb3 Ne8 56. Bc2 h6 57. Ke3 Ng7 58. Ke4 Ne6 59. Bb1 Ng5+ 60. Kf4 Nh3+ 61. Kf3 Ng5+ 62. Kg4 Ne6 63. Kh5 Kg7 64. f4 Nd4 65. Kg4 Kf6 66. Bd3 Ne6 67. Kh5 Kg7 68. Bc4 Nc5 69. Kh4 Ne4 70. Kg4 Nf6+ 71. Kf5 Nh5 72. g4 Ng3+ 73. Ke6 h5 74. g5 h4 75. f5 h3 76. f6+ Kf8 77. g6 Nh5 78. Kf5 h2 79. Bd5 h1Q 80. Bxh1 Ng3+ 81. Ke6 Nxh1 82. g7+ Kg8 83. f7+ Kxg7 84. Ke7 Ng3 85. f8Q+ Kg6 86. Qg8+ 1-0

[Event "Titled Tuesday intern op 23rd Apr Early"]
[Site "Chess.com INT"]
[Date "2024.04.23"]
[Round "1"]
[White "Nava, Roderick"]
[Black "Emeliantsev, Anatoliy"]
[Result "1-0"]
[WhiteElo "2381"]
[BlackElo "2359"]
[PlyCount "29"]
[EventDate "2024.04.23"]
[EventType "swiss (blitz)"]
[EventRounds "11"]
[EventCountry "USA"]
[SourceTitle "EXT 2025"]
[Source "ChessBase"]
[SourceDate "2024.10.14"]
[SourceVersion "1"]
[SourceVersionDate "2024.10.14"]
[SourceQuality "1"]

1. e4 c5 2. Nc3 Nc6 3. f4 g6 4. Nf3 Bg7 5. Bc4 e6 6. e5 Nge7 7. Ne4 Nf5 8. Nxc5 d6 9. exd6 Qxd6 10. Ne4 Qxf4 11. d3 Qg4 12. 0-0 Ncd4 13. c3 Nxf3+ 14. Rxf3 0-0 15. h3 1-0

[Event "Titled Tuesday intern op 10th Oct Early"]
[Site "Chess.com INT"]
[Date "2023.10.10"]
[Round "6"]
[White "Martin, Lewis"]
[Black "Nava, Roderick"]
[Result "0-1"]
[WhiteElo "2135"]
[BlackElo "2381"]
[PlyCount "66"]
[EventDate "2023.10.10"]
[EventType "swiss (blitz)"]
[EventRounds "11"]
[EventCountry "USA"]
[SourceTitle "EXT 2025"]
[Source "ChessBase"]
[SourceDate "2024.10.14"]
[SourceVersion "1"]
[SourceVersionDate "2024.10.14"]
[SourceQuality "1"]

1. c4 Nf6 2. Nc3 g6 3. g3 Bg7 4. Bg2 0-0 5. d4 c5 6. d5 d6 7. e4 Na6 8. Nf3 Nc7 9. 0-0 Rb8 10. Re1 b5 11. cxb5 Nxb5 12. Bd2 Nd4 13. Nxd4 cxd4 14. Na4 Bd7 15. b3 Ng4 16. Rb1 Ne5 17. Nb2 Bb5 18. Bf1 Bxf1 19. Kxf1 f5 20. Bf4 Qa5 21. a4 fxe4 22. Rxe4 Qc3 23. Qxd4 Qxd4 24. Rxd4 Rxb3 25. Rdd1 Rfb8 26. Bc1 Nc4 27. Nxc4 Rxb1 28. Na3 Ra1 29. Nc2 Ra2 30. Ne1 Rb1 31. Nd3 Rc2 32. Ke1 Bc3+ 33. Kf1 Bd2 0-1

[Event "Titled Tuesday intern op 08th Aug Early"]
[Site "Chess.com INT"]
[Date "2023.08.08"]
[Round "4"]
[White "Nava, Roderick"]
[Black "Parfenov, Viktor N"]
[Result "1-0"]
[WhiteElo "2381"]
[BlackElo "2193"]
[PlyCount "49"]
[EventDate "2023.08.08"]
[EventType "swiss (blitz)"]
[EventRounds "11"]
[EventCountry "USA"]
[SourceTitle "EXT 2024"]
[Source "ChessBase"]
[SourceDate "2023.10.10"]
[SourceVersion "1"]
[SourceVersionDate "2023.10.10"]
[SourceQuality "1"]

1. e4 c5 2. Nc3 d6 3. f4 g6 4. Nf3 Bg7 5. Bc4 e6 6. 0-0 Nc6 7. f5 exf5 8. d3 Be6 9. Bxe6 fxe6 10. exf5 exf5 11. Re1+ Ne5 12. Bf4 Ne7 13. Kh1 N7c6 14. d4 cxd4 15. Nxd4 0-0 16. Ne6 Qh4 17. Bg3 Qb4 18. Nxf8 Rxf8 19. Nd5 Qxb2 20. Rb1 Qxa2 21. Rxb7 f4 22. Nxf4 Kh8 23. Qxd6 Qxc2 24. Rxg7 Kxg7 25. Ne6+ 1-0

[Event "Ho Chi Minh City HD Bank op 9th"]
[Site "Ho Chi Minh City"]
[Date "2019.03.12"]
[Round "8"]
[White "Nava, Roderick"]
[Black "Kulkarni, Rakesh"]
[Result "1/2-1/2"]
[WhiteElo "2393"]
[BlackElo "2298"]
[PlyCount "123"]
[EventDate "2019.03.07"]
[EventType "swiss"]
[EventRounds "9"]
[EventCountry "VIE"]
[SourceTitle "CBM 189 Extra"]
[Source "ChessBase"]
[SourceDate "2019.05.31"]
[SourceVersion "1"]
[SourceVersionDate "2019.05.31"]
[SourceQuality "1"]

1. d4 Nf6 2. c4 e5 3. dxe5 Ng4 4. Bf4 g5 5. Bg3 Bg7 6. Nf3 Nc6 7. Nc3 Ngxe5 8. Nxe5 Nxe5 9. e3 d6 10. c5 dxc5 11. Qxd8+ Kxd8 12. 0-0-0+ Bd7 13. Ne4 Ke7 14. Nxc5 Bc6 15. f4 gxf4 16. exf4 Ng4 17. Bd3 Bd4 18. Rhe1+ Kf6 19. Ne4+ Kg7 20. h3 Nf6 21. Bh4 Nxe4 22. Bxe4 Bxe4 23. Rxd4 Bc6 24. f5 Rhe8 25. Be7 f6 26. Re6 Kf7 27. Rh4 Bd7 28. Re3 Bxf5 29. Rf3 Rxe7 30. Rxf5 Kg6 31. Rfh5 Rh8 32. Rh6+ Kg7 33. R6h5 Re5 34. Rxe5 fxe5 35. Rh5 Re8 36. Kd2 Re6 37. Ke3 Kg6 38. g4 Rb6 39. b3 Ra6 40. Rxe5 Rxa2 41. Kd3 Rh2 42. Rh5 Rb2 43. Kc3 Rf2 44. b4 Rf3+ 45. Kb2 a6 46. Kc2 Re3 47. Kb2 Re6 48. Kb3 Rb6 49. Rc5 Rf6 50. Rxc7 Rf3+ 51. Kb2 Rxh3 52. Rxb7 Kg5 53. Rb6 Rh6 54. Rxh6 Kxh6 55. Kb3 Kg5 56. Ka4 Kxg4 57. Ka5 h5 58. Kxa6 h4 59. b5 h3 60. b6 h2 61. b7 h1Q 62. b8Q 1/2-1/2

[Event "Ho Chi Minh City HD Bank op 9th"]
[Site "Ho Chi Minh City"]
[Date "2019.03.08"]
[Round "3"]
[White "Nguyen, Ngoc Truong Son"]
[Black "Nava, Roderick"]
[Result "1-0"]
[WhiteElo "2647"]
[BlackElo "2393"]
[PlyCount "61"]
[EventDate "2019.03.07"]
[EventType "swiss"]
[EventRounds "9"]
[EventCountry "VIE"]
[SourceTitle "CBM 189 Extra"]
[Source "ChessBase"]
[SourceDate "2019.05.31"]
[SourceVersion "1"]
[SourceVersionDate "2019.05.31"]
[SourceQuality "1"]

1. d4 c5 2. d5 g6 3. Nf3 Bg7 4. e4 d6 5. Be2 Nf6 6. Nc3 0-0 7. 0-0 Bg4 8. Nd2 Bxe2 9. Qxe2 Na6 10. Nc4 Nd7 11. Bf4 Nc7 12. a4 Ne5 13. Nxe5 dxe5 14. Be3 b6 15. a5 f5 16. Qc4 Qd6 17. f3 Kh8 18. axb6 axb6 19. Nb5 Nxb5 20. Qxb5 f4 21. Bf2 g5 22. Ra3 h5 23. Rfa1 Rxa3 24. Rxa3 g4 25. Ra6 Qg6 26. Rxb6 Bf6 27. Kh1 Rg8 28. Rb8 Rxb8 29. Qxb8+ Kg7 30. Bxc5 h4 31. Qc8 1-0

[Event "Asian Continental op 17th"]
[Site "Makati"]
[Date "2018.12.12"]
[Round "3"]
[White "Nava, Roderick"]
[Black "Priasmoro, Novendra"]
[Result "1-0"]
[WhiteElo "2392"]
[BlackElo "2483"]
[PlyCount "57"]
[EventDate "2018.12.10"]
[EventType "swiss"]
[EventRounds "9"]
[EventCountry "PHI"]
[SourceTitle "CBM 187 Extra"]
[Source "ChessBase"]
[SourceDate "2018.11.04"]
[SourceVersion "1"]
[SourceVersionDate "2018.11.04"]
[SourceQuality "1"]

1. d4 Nf6 2. c4 g6 3. Nc3 Bg7 4. e4 d6 5. h3 0-0 6. Be3 c5 7. d5 e6 8. Bd3 exd5 9. exd5 Na6 10. Nf3 Nc7 11. a4 Rb8 12. 0-0 a6 13. a5 b5 14. axb6 Rxb6 15. Qd2 Bd7 16. Bh6 Bxh6 17. Qxh6 Rxb2 18. Ng5 Bf5 19. Bxf5 gxf5 20. Nd1 Re2 21. Ne3 Nce8 22. Nxf5 Qd7 23. Ng3 Re5 24. Ra3 Qe7 25. f4 Rxg5 26. fxg5 Nd7 27. Nf5 Qe2 28. Re3 Qb2 29. Re4 1-0

[Event "Asian Continental op 17th"]
[Site "Makati"]
[Date "2018.12.11"]
[Round "2"]
[White "Schain, Randolph"]
[Black "Nava, Roderick"]
[Result "0-1"]
[WhiteElo "2229"]
[BlackElo "2392"]
[PlyCount "90"]
[EventDate "2018.12.10"]
[EventType "swiss"]
[EventRounds "9"]
[EventCountry "PHI"]
[SourceTitle "CBM 187 Extra"]
[Source "ChessBase"]
[SourceDate "2018.11.04"]
[SourceVersion "1"]
[SourceVersionDate "2018.11.04"]
[SourceQuality "1"]

1. d4 c5 2. Nf3 g6 3. g3 Bg7 4. Bg2 cxd4 5. Nxd4 Nc6 6. Nxc6 bxc6 7. 0-0 Rb8 8. c3 Nf6 9. e4 0-0 10. Qc2 d5 11. Rd1 Bg4 12. f3 Be6 13. Be3 Qc7 14. Nd2 Qb7 15. b3 Rfd8 16. Rac1 a5 17. Bd4 Qc7 18. Re1 c5 19. Be3 Rbc8 20. Kh1 dxe4 21. Nxe4 Nxe4 22. fxe4 c4 23. b4 Rd3 24. Bf4 Qb6 25. bxa5 Qxa5 26. e5 Bd5 27. Bxd5 Qxd5+ 28. Qg2 Qa5 29. Qb2 e6 30. Rc2 Qd5+ 31. Rg2 h6 32. h4 g5 33. hxg5 hxg5 34. Bxg5 Bxe5 35. Qf2 Bxc3 36. Rf1 f5 37. Kh2 Kf7 38. Qf4 Be5 39. Qg4 Rh8+ 40. Bh4 Rd4 41. Rxf5+ exf5 42. Qxf5+ Kg8 43. Qg6+ Bg7 44. Rf2 Rhxh4+ 45. gxh4 Qd6+ 0-1

[Event "Asian Continental op 17th"]
[Site "Makati"]
[Date "2018.12.10"]
[Round "1"]
[White "Nava, Roderick"]
[Black "Firouzja, Alireza"]
[Result "0-1"]
[WhiteElo "2392"]
[BlackElo "2607"]
[PlyCount "62"]
[EventDate "2018.12.10"]
[EventType "swiss"]
[EventRounds "9"]
[EventCountry "PHI"]
[SourceTitle "CBM 187 Extra"]
[Source "ChessBase"]
[SourceDate "2018.11.04"]
[SourceVersion "1"]
[SourceVersionDate "2018.11.04"]
[SourceQuality "1"]

1. d4 Nf6 2. c4 g6 3. Nc3 Bg7 4. e4 d6 5. h3 0-0 6. Be3 Nbd7 7. Nf3 e5 8. d5 Nc5 9. Qc2 a5 10. g4 h5 11. g5 Nfd7 12. Nd2 c6 13. b3 Nb6 14. Rb1 Bd7 15. Rg1 Rc8 16. f3 Kh7 17. h4 f6 18. Be2 fxg5 19. hxg5 Rf4 20. Rd1 cxd5 21. exd5 Rd4 22. Nde4 Bf5 23. Qc1 Bxe4 24. Nxe4 Nxd5 25. Bxd4 exd4 26. cxd5 Nxe4 27. Qf4 Nc3 28. Bd3 Qe7+ 29. Kf2 Rf8 30. Qd2 Be5 31. Rde1 Qf7 0-1